000
00325nam a22001337a 4500
020
_a
8178212807
082
_a
227 THO5
100
_a
Thomas, M.M.
245
_a
The Witness of God's People in The World: Romans [8-16]
260
_a
Tiruvalla, Kerala
_b
CSS Books
_c
2010
300
_a
110
650
_a
Epistles
942
_c
BK
999
_c
22708
_d
22708